000 01191nam a22002297a 4500
001 BD-DhSAU 237
003 BD-DhSAU
005 20140820161233.0
008 140820b ii a|||| |||| 00| 0 eng d
020 _a818588076x
040 _cBD-DhSAU
082 _222
_a632.2072/ REC
245 _aRecent advances in phytopathological researches/
_cA. K. Roy and K. K. Sinha [ed.]
260 _a New Delhi, India:
_bM D Publications Pvt Ltd, ;
_c1995.
300 _axiv, 211 p. :
_bill, ;
_c22 cm.
500 _aThe book,Recent Advances in Phytopathplogical Researches,is the compilation of the proceedings of Indian Phytopathological society Zonal Meeting held at Bhagalpur University on 10and 11 dec. 1993.It embiodies both Reviewand Research ...
504 _aIncludes bibliographical references.
650 _aPhytopathological research
700 _aRoy, A. K.
_d1950-
_qAwadh KIshore Roy
700 _aSinha, K. K.
856 _uhttp://books.google.com.bd/books?id=7U-Rj6w5TXkC&printsec=frontcover&dq=Recent+advances+in+phytopathological+researches&hl=en&sa=X&ei=VW30U_OYM8_m8AWipYKYCw&redir_esc=y#v=onepage&q=Recent%20advances%20in%20phytopathological%20researches&f=false
942 _2ddc
_cBOOK
999 _c237
_d237